Top 300 Girl Names- Kansas (2015) Quiz Stats

 Plays Quiz not verified by Sporcle

Score 0/300 Timer 20:00
0 Plays Today
Rank Name % Correct
1Emma
96.7%
14Emily
94.8%
125Isabel
93.4%
295Rachel
93.4%
41Anna
92.5%
11Isabella
92%
2Olivia
90.6%
15Grace
90.1%
4Ava
89.2%
6Elizabeth
88.2%
5Sophia
87.7%
203Eliza
87.7%
18Ella
87.3%
114Lauren
86.8%
33Lily
86.3%
93Maria
86.3%
106Isabelle
86.3%
130Ashley
86.3%
11Evelyn
85.8%
25Madison
85.8%
70Eva
85.8%
101Julia
85.8%
8Abigail
85.4%
13Amelia
85.4%
36Hannah
85.4%
7Charlotte
84.9%
56Alexa
84.9%
106Sarah
84.9%
130Sophie
84.9%
114Mary
84.4%
10Mia
84%
33Chloe
84%
71Samantha
84%
93Katherine
84%
203Alexandra
84%
295Jazmine
83.5%
106Alexis
83%
193Jessica
83%
39Aubrey
82.5%
41Natalie
82.5%
137Kate
82.5%
232Amy
82.5%
30Aria
81.6%
20Sofia
81.1%
52Audrey
81.1%
106Brianna
81.1%
106Faith
81.1%
251Nicole
80.7%
44Allison
80.2%
49Zoe
80.2%
130Alyssa
80.2%
268Rebecca
80.2%
19Addison
79.7%
25Ellie
79.7%
30Lillian
79.7%
43Lucy
79.7%
218Catherine
79.7%
232Gabrielle
79.7%
22Nora
79.2%
47Victoria
79.2%
66Caroline
79.2%
162Jasmine
79.2%
182Rose
79.2%
232Ana
79.2%
106Gabriella
78.8%
52Leah
77.8%
64Ariana
77.8%
83Kylie
77.8%
118Bella
77.4%
295Elliott
77.4%
9Avery
76.9%
48Riley
76.9%
98Arianna
76.9%
114Alexandria
76.9%
295Abby
76.9%
23Eleanor
76.4%
25Brooklyn
76.4%
101Maya
76.4%
125Melanie
76.4%
137Madeline
76.4%
182Natalia
76.4%
101Molly
75.9%
155Hope
75.9%
17Zoey
75.5%
130Brooke
75.5%
218Jordan
75%
268Angela
75%
83Josephine
74.5%
169Jade
74.5%
268Jenna
74.5%
3Harper
74.1%
63Ruby
74.1%
118Morgan
73.6%
130Kimberly
73.6%
118Taylor
73.1%
146Gracie
73.1%
64Margaret
72.6%
79Kaylee
72.6%
89Alice
72.6%
203Lilly
72.6%
Rank Name % Correct
295Laila
72.6%
52Violet
72.2%
60Clara
71.7%
89Hailey
71.7%
118Ivy
71.2%
193Olive
71.2%
203Daisy
71.2%
33Cora
70.8%
98Mackenzie
70.8%
268Michelle
70.8%
268Vanessa
70.8%
23Claire
70.3%
39Lydia
69.8%
56Vivian
69.8%
162Bailey
69.8%
268Juliet
69.8%
21Penelope
69.3%
56Savannah
69.3%
83Peyton
69.3%
169Andrea
69.3%
268Daniela
69.3%
93Autumn
68.9%
295Baylee
68.9%
38Madelyn
68.4%
46Layla
68.4%
118Paige
68.4%
203Payton
68.4%
232Haley
68.4%
182Kimber
67.9%
251Mckenzie
67.5%
28Stella
67%
268Adriana
67%
76Elena
66.5%
169Kaitlyn
66.5%
49Kennedy
66%
93Naomi
66%
232Makayla
66%
232Esther
65.6%
30Sadie
65.1%
118Isla
65.1%
106Annabelle
64.6%
218Valerie
64.6%
268Megan
64.6%
36Scarlett
64.2%
146Elise
64.2%
193Kathryn
64.2%
203Juliana
64.2%
137Aubree
63.7%
130Josie
63.2%
137Katelyn
63.2%
169Iris
63.2%
193Georgia
63.2%
45Piper
62.7%
79Jocelyn
62.7%
137Khloe
62.7%
203Gianna
62.7%
218Ariel
62.7%
251Lila
62.7%
60Quinn
62.3%
83Willow
62.3%
162Melody
62.3%
251Ada
62.3%
83Nevaeh
61.3%
51Camila
60.8%
146Liliana
60.4%
66Hazel
59.9%
76Aurora
59.9%
193Jordyn
59.9%
218Maggie
59.9%
82Norah
59.4%
101Mya
59.4%
146Ashlyn
59.4%
193Camille
59.4%
203Tessa
59%
268Lucia
59%
16Paisley
58.5%
83Kendall
58.5%
52Mila
58%
125Eliana
58%
232Jane
58%
251Emilia
58%
66Rylee
57.5%
203Callie
57.5%
169Adeline
57.1%
169Sydney
57.1%
89Trinity
56.6%
182Brooklynn
56.6%
60Aaliyah
56.1%
78Skylar
56.1%
89Genevieve
56.1%
114Adelyn
56.1%
182Brielle
56.1%
268Eden
56.1%
118Delilah
55.7%
251London
55.7%
28Hadley
54.7%
137Luna
54.2%
73Serenity
53.8%
98Adalyn
53.8%
146Allie
53.8%
Rank Name % Correct
218Lilliana
53.3%
268Mckenna
53.3%
268Valeria
53.3%
146Alaina
52.8%
59Kinsley
52.4%
146Genesis
52.4%
73Reagan
51.9%
130Lyla
51.4%
93Emerson
50.9%
232Keira
50.9%
169Joanna
50.5%
66Emery
50%
155Arabella
50%
169Lena
50%
182Charlie
49.5%
251Skyler
49.5%
203Makenzie
49.1%
218Arya
49.1%
71Kinley
48.6%
203Anastasia
48.6%
218Brynn
48.6%
79Adalynn
48.1%
155Hayden
48.1%
182Kenzie
48.1%
182Marley
47.6%
193Delaney
47.2%
268Harmony
46.7%
193Lucille
46.2%
218Aliyah
46.2%
169Athena
45.8%
137Cecilia
45.3%
137Elsie
45.3%
203Adelaide
45.3%
268Maci
45.3%
155Alivia
44.8%
169Makenna
44.8%
218Parker
43.9%
182Adelynn
43.4%
137Presley
42.9%
155June
42.9%
232Skye
42.9%
251Eloise
42.9%
268Ayla
42.9%
73Everly
42.5%
146Evangeline
42.5%
232Gemma
42.5%
232Lexi
42.5%
232Macy
42.5%
232Londyn
42%
232Izabella
41.5%
182Ryleigh
41%
251Giselle
41%
232Ashlynn
39.6%
203Rosalie
38.2%
125Reese
37.7%
268Cali
36.8%
203Alayna
35.8%
203Heidi
35.8%
101Brynlee
35.4%
125Finley
35.4%
155Nova
33.5%
169Gracelyn
32.1%
162Ximena
31.6%
169Charlee
30.2%
268Raelyn
29.7%
232Kali
28.8%
232Addyson
26.4%
218Raelynn
25%
268Rylie
25%
218Sawyer
24.5%
251Daphne
24.5%
251Adaline
23.6%
218Logan
23.1%
251Felicity
23.1%
162Blakely
22.6%
162Ainsley
22.2%
251Brylee
20.8%
268Raegan
20.8%
232Averie
20.3%
155Ember
19.8%
162Gracelynn
19.8%
106Emersyn
18.4%
268Ryan
18.4%
146Daleyza
17.5%
193Aspen
17.5%
232Evelynn
17%
193Harlow
16.5%
251Hattie
14.6%
268Thea
14.6%
268Braylee
14.2%
251Addilyn
13.7%
251Sloane
13.7%
218Amiyah
13.2%
169Tatum
12.3%
268Remi
11.8%
182Bristol
10.8%
268Rory
10.8%
268Leighton
9.4%
268Jaylynn
3.3%
251Collins
2.8%

You're not logged in!

Compare scores with friends on all Sporcle quizzes.
OR
Log In

Sporcle TV

Today on Sporcle TV


Watch our educational content, quiz creation guides, and fun videos on Sporcle TV.

Show Comments

Extras

Top Quizzes Today


Score Distribution

Your Account Isn't Verified!

In order to create a playlist on Sporcle, you need to verify the email address you used during registration. Go to your Sporcle Settings to finish the process.

Report this User

Report this user for behavior that violates our Community Guidelines.

Details: